Normal view
MARC view
- Newcomer, Lawrence R
Entry Personal Name
001 - CONTROL NUMBER
- control field: 36727
003 - CONTROL NUMBER IDENTIFIER
- control field: NUST
005 - DATE AND TIME OF LATEST TRANSACTION
- control field: 20210314130101.0
008 - FIXED-LENGTH DATA ELEMENTS
- fixed length control field: 210314|| aca||aabn | a|a d
040 ## - CATALOGING SOURCE
- Original cataloging agency: NUST
- Transcribing agency: NUST
100 ## - HEADING--PERSONAL NAME
- Personal name: Newcomer, Lawrence R
670 ## - SOURCE DATA FOUND
- Source citation: Work cat.: (NUST): Newcomer, Lawrence R., Schaum's outline of theory and problems of programming with advanced structured COBOL with file processing, structured systems development, and interactive considerations /, c1987.
